[Event "Mittelrhein Verbandsliga Nord 1920"]
[Site "Mittelrhein"]
[Date "2020.02.16"]
[Round "6.3"]
[White "Bayer, Udo"]
[Black "Liethen, Alexander"]
[Result "0-1"]
[WhiteElo "1918"]
[BlackElo "2009"]
[PlyCount "58"]
[EventDate "2019.09.29"]
[EventType "team-tourn"]
[EventRounds "9"]
[EventCountry "GER"]
[SourceTitle "EXT 2023"]
[Source "ChessBase"]
[SourceDate "2022.10.05"]
[SourceVersion "1"]
[SourceVersionDate "2022.10.05"]
[SourceQuality "1"]
[WhiteTeam "Hitdorf SV Springer"]
[BlackTeam "Brauweiler Rochade"]
[WhiteTeamCountry "GER"]
[BlackTeamCountry "GER"]

1. e4 e6 2. d4 d5 3. Nc3 Nf6 4. Bg5 Bb4 5. e5 h6 6. Bd2 Bxc3 7. bxc3 Ne4 8. Qg4 Kf8 9. h4 c5 10. Bd3 Nxd2 11. Kxd2 Nc6 12. Nf3 c4 13. Be2 Bd7 14. Qf4 b5 15. a3 a5 16. Rhb1 Rb8 17. g4 Qe7 18. g5 Ke8 19. gxh6 Rxh6 20. Rg1 Qf8 21. Rg3 b4 22. axb4 axb4 23. Rag1 bxc3+ 24. Ke3 Ne7 25. Rg5 Nf5+ 26. Rxf5 exf5 27. e6 Rxe6+ 28. Ne5 f6 29. Bh5+ Kd8 0-1

[Event "Mittelrhein Verbandsliga Nord 1920"]
[Site "Mittelrhein"]
[Date "2020.01.19"]
[Round "5.2"]
[White "Schwarz, Andreas1"]
[Black "Liethen, Alexander"]
[Result "1-0"]
[WhiteElo "2121"]
[BlackElo "2009"]
[PlyCount "55"]
[EventDate "2019.09.29"]
[EventType "team-tourn"]
[EventRounds "9"]
[EventCountry "GER"]
[SourceTitle "EXT 2023"]
[Source "ChessBase"]
[SourceDate "2022.10.05"]
[SourceVersion "1"]
[SourceVersionDate "2022.10.05"]
[SourceQuality "1"]
[WhiteTeam "Troisdorf"]
[BlackTeam "Brauweiler Rochade"]
[WhiteTeamCountry "GER"]
[BlackTeamCountry "GER"]

1. d4 d5 2. Nf3 e6 3. c4 c5 4. e3 Nc6 5. Nc3 Nf6 6. a3 Be7 7. dxc5 Bxc5 8. b4 Be7 9. Bb2 0-0 10. Be2 dxc4 11. 0-0 Nd5 12. Bxc4 Bf6 13. Qc2 Ne5 14. Nxe5 Bxe5 15. Nxd5 exd5 16. Bb3 Qf6 17. Bxe5 Qxe5 18. Rad1 Rd8 19. Rd4 Be6 20. Qd2 Rd7 21. f4 Qh5 22. e4 Rad8 23. f5 dxe4 24. fxe6 Rxd4 25. Qxd4 Rxd4 26. e7 Qe5 27. Bxf7+ Kh8 28. Be6 1-0

[Event "Mittelrhein Verbandsliga-M 16/17"]
[Site "Nordrheinwestfalen"]
[Date "2017.02.19"]
[Round "8.2"]
[White "Liethen, Alexander"]
[Black "Weiser, Hans Josef"]
[Result "1-0"]
[WhiteElo "2010"]
[BlackElo "1967"]
[PlyCount "77"]
[EventDate "2016.09.11"]
[EventType "team-tourn"]
[EventRounds "11"]
[EventCountry "GER"]
[SourceTitle "EXT 2022"]
[Source "ChessBase"]
[SourceDate "2021.10.06"]
[SourceVersion "1"]
[SourceVersionDate "2021.10.06"]
[SourceQuality "1"]
[WhiteTeam "Esch SF"]
[BlackTeam "Bergische SF"]
[WhiteTeamCountry "GER"]
[BlackTeamCountry "GER"]

1. e4 c5 2. b4 cxb4 3. a3 e6 4. axb4 Bxb4 5. c3 Be7 6. Qg4 g6 7. d4 Nf6 8. Qf3 d6 9. Bh6 Nbd7 10. Bd3 e5 11. Ne2 b6 12. g4 Bf8 13. Bc1 Bb7 14. g5 Nh5 15. Na3 Be7 16. h4 Rf8 17. Ng3 Ng7 18. d5 f6 19. Qg4 Qc8 20. Bd2 a6 21. h5 Nc5 22. Qe2 fxg5 23. h6 Nh5 24. Nxh5 Nxd3+ 25. Qxd3 gxh5 26. Nc4 Qc7 27. Rxh5 a5 28. Ne3 Ba6 29. c4 Rc8 30. Rc1 Rg8 31. Nf5 Bxc4 32. Qf3 Bf8 33. Qg4 Qd7 34. Rxg5 Rxg5 35. Qxg5 Qf7 36. Ng7+ Kd7 37. Qg4+ Kd8 38. Ne6+ Ke8 39. Nxf8 1-0

[Event "Mittelrhein Verbandsliga-M 15/16"]
[Site "Nordrheinwestfalen"]
[Date "2016.04.10"]
[Round "10.2"]
[White "Liethen, Alexander"]
[Black "Keller, Karsten"]
[Result "1/2-1/2"]
[WhiteElo "1998"]
[BlackElo "2125"]
[PlyCount "22"]
[EventDate "2015.09.06"]
[EventType "team-tourn"]
[EventRounds "11"]
[EventCountry "GER"]
[SourceTitle "EXT 2022"]
[Source "ChessBase"]
[SourceDate "2021.10.06"]
[SourceVersion "1"]
[SourceVersionDate "2021.10.06"]
[SourceQuality "1"]
[WhiteTeam "Esch SF"]
[BlackTeam "Langenfeld II"]
[WhiteTeamCountry "GER"]
[BlackTeamCountry "GER"]

1. e4 c5 2. Nf3 Nc6 3. d4 cxd4 4. Nxd4 g6 5. Nxc6 bxc6 6. Qd4 Nf6 7. e5 Nd5 8. e6 f6 9. exd7+ Qxd7 10. Be2 e5 11. Qe4 Qf5 1/2-1/2

[Event "Mittelrhein Verbandsliga-M 15/16"]
[Site "Nordrheinwestfalen"]
[Date "2016.03.13"]
[Round "9.2"]
[White "Loetzerich, Rolf"]
[Black "Liethen, Alexander"]
[Result "1/2-1/2"]
[WhiteElo "1971"]
[BlackElo "1998"]
[PlyCount "23"]
[EventDate "2015.09.06"]
[EventType "team-tourn"]
[EventRounds "11"]
[EventCountry "GER"]
[SourceTitle "EXT 2022"]
[Source "ChessBase"]
[SourceDate "2021.10.06"]
[SourceVersion "1"]
[SourceVersionDate "2021.10.06"]
[SourceQuality "1"]
[WhiteTeam "Eikamp Freibauer"]
[BlackTeam "Esch SF"]
[WhiteTeamCountry "GER"]
[BlackTeamCountry "GER"]

1. d4 d5 2. c4 c6 3. Nf3 Nf6 4. Nc3 e6 5. Bg5 dxc4 6. a4 Bb4 7. e3 b5 8. axb5 cxb5 9. Nd2 Bxc3 10. bxc3 Bb7 11. Qb1 Qb6 12. e4 1/2-1/2

[Event "Mittelrhein Verbandsliga-M 15/16"]
[Site "Nordrheinwestfalen"]
[Date "2015.10.18"]
[Round "3.2"]
[White "Liethen, Alexander"]
[Black "Spiekermann, Thomas"]
[Result "1/2-1/2"]
[WhiteElo "2013"]
[BlackElo "1963"]
[PlyCount "68"]
[EventDate "2015.09.06"]
[EventType "team-tourn"]
[EventRounds "11"]
[EventCountry "GER"]
[SourceTitle "EXT 2022"]
[Source "ChessBase"]
[SourceDate "2021.10.06"]
[SourceVersion "1"]
[SourceVersionDate "2021.10.06"]
[SourceQuality "1"]
[WhiteTeam "Esch SF"]
[BlackTeam "Dormagen SV"]
[WhiteTeamCountry "GER"]
[BlackTeamCountry "GER"]

1. e4 c5 2. Nf3 Nc6 3. Bb5 d6 4. 0-0 a6 5. Bxc6+ bxc6 6. d4 cxd4 7. Qxd4 e5 8. Qc4 Qc7 9. Nc3 Be6 10. Qa4 Nf6 11. Bg5 Nd7 12. Rad1 f6 13. Be3 Be7 14. Rd2 0-0 15. Rfd1 Rfb8 16. Nh4 a5 17. b3 Nb6 18. Qa3 a4 19. Qc1 axb3 20. cxb3 Qb7 21. h3 Rd8 22. g4 g6 23. Qb1 Rd7 24. Ng2 Rad8 25. Bxb6 Qxb6 26. Ne3 Qb7 27. b4 Bf8 28. a4 Bh6 29. b5 Bxe3 30. fxe3 Qb6 31. Kf2 f5 32. a5 Qxa5 33. bxc6 Rf7 34. Nd5 fxg4+ 1/2-1/2

[Event "Mittelrhein Verbandsliga-M 15/16"]
[Site "Nordrheinwestfalen"]
[Date "2015.09.06"]
[Round "1.2"]
[White "Liethen, Alexander"]
[Black "Hoefer, Axel"]
[Result "1/2-1/2"]
[WhiteElo "2013"]
[BlackElo "2017"]
[PlyCount "77"]
[EventDate "2015.09.06"]
[EventType "team-tourn"]
[EventRounds "11"]
[EventCountry "GER"]
[SourceTitle "EXT 2022"]
[Source "ChessBase"]
[SourceDate "2021.10.06"]
[SourceVersion "1"]
[SourceVersionDate "2021.10.06"]
[SourceQuality "1"]
[WhiteTeam "Esch SF"]
[BlackTeam "Koeln Muelheim"]
[WhiteTeamCountry "GER"]
[BlackTeamCountry "GER"]

1. e4 e6 2. d4 d5 3. e5 c5 4. Nf3 Nc6 5. a3 Nge7 6. dxc5 Ng6 7. b4 a5 8. b5 Nb8 9. Bd3 Bxc5 10. 0-0 Nd7 11. Re1 Qc7 12. Bb2 b6 13. h4 Bb7 14. h5 Nf4 15. Qd2 Nxh5 16. Qg5 g6 17. Nbd2 Qd8 18. Qg4 Ng7 19. c4 0-0 20. cxd5 exd5 21. e6 Nf6 22. exf7+ Rxf7 23. Qh4 Nfh5 24. Qxd8+ Rxd8 25. Nd4 Rdf8 26. N2f3 Nf4 27. Re3 Nxd3 28. Rxd3 Re7 29. Nc6 Re2 30. Bd4 Bxc6 31. bxc6 Rc2 32. Rad1 Ne6 33. Bxc5 Rxc5 34. Rxd5 Rxc6 35. Rd6 Rfc8 36. Ne5 Rxd6 37. Rxd6 Ng5 38. Rxb6 Rc3 39. Nxg6 1/2-1/2

[Event "Mittelrhein Verbandsliga-W 1112"]
[Site "Germany"]
[Date "2012.02.05"]
[Round "6.2"]
[White "Falter, Lennart"]
[Black "Liethen, Alexander"]
[Result "1-0"]
[WhiteElo "1944"]
[BlackElo "2008"]
[PlyCount "61"]
[EventDate "2011.09.18"]
[EventType "team-tourn"]
[EventRounds "11"]
[EventCountry "GER"]
[SourceTitle "EXT 2013"]
[Source "ChessBase"]
[SourceDate "2012.11.22"]
[SourceVersion "1"]
[SourceVersionDate "2012.11.22"]
[SourceQuality "1"]
[WhiteTeam "Aachen II"]
[BlackTeam "Brauweiler Rochade"]
[WhiteTeamCountry "GER"]
[BlackTeamCountry "GER"]

1. e4 e5 2. Nf3 Nc6 3. Bb5 f5 4. exf5 e4 5. Qe2 Qe7 6. Bxc6 dxc6 7. Nd4 Nf6 8. Nc3 c5 9. Ne6 Bxe6 10. fxe6 0-0-0 11. Nxe4 Nxe4 12. Qxe4 Rd4 13. Qe2 Qh4 14. d3 c4 15. dxc4 Re4 16. Be3 Bb4+ 17. c3 Bc5 18. 0-0-0 Bxe3+ 19. fxe3 Rxe6 20. Rhf1 Rhe8 21. Qd3 R6e7 22. Qf5+ Kb8 23. Rf4 Qxh2 24. Qf8 b5 25. Rd8+ Kb7 26. Rxe8 Qg1+ 27. Kc2 Qxg2+ 28. Kb3 Qe2 29. Rb8+ Kc6 30. cxb5+ Kd7 31. Rd8+ 1-0

[Event "Mittelrhein Verbandsliga-W 1112"]
[Site "Germany"]
[Date "2012.01.15"]
[Round "5.2"]
[White "Liethen, Alexander"]
[Black "Voulon, Oliver"]
[Result "0-1"]
[WhiteElo "2008"]
[BlackElo "1983"]
[PlyCount "67"]
[EventDate "2011.09.18"]
[EventType "team-tourn"]
[EventRounds "11"]
[EventCountry "GER"]
[SourceTitle "EXT 2013"]
[Source "ChessBase"]
[SourceDate "2012.11.22"]
[SourceVersion "1"]
[SourceVersionDate "2012.11.22"]
[SourceQuality "1"]
[WhiteTeam "Brauweiler Rochade"]
[BlackTeam "Lendersdorf"]
[WhiteTeamCountry "GER"]
[BlackTeamCountry "GER"]

1. e4 c6 2. d4 d5 3. Nc3 dxe4 4. Nxe4 Nd7 5. Nf3 Ngf6 6. Nxf6+ Nxf6 7. Bc4 Bf5 8. Ne5 e6 9. g4 Be4 10. f3 Bd5 11. Be2 b5 12. a4 a6 13. axb5 axb5 14. Bg5 Be7 15. 0-0 0-0 16. b3 b4 17. Bxf6 gxf6 18. Nd3 Qb6 19. Nf2 c5 20. dxc5 Bxc5 21. Rxa8 Rxa8 22. Kg2 Rd8 23. Bd3 f5 24. Qc1 Be3 25. Qa1 Bxf2 26. Rxf2 fxg4 27. Qf6 Bxf3+ 28. Kf1 Qd4 29. Rxf3 gxf3 30. Qh6 Qg7 31. Qe3 Qg2+ 32. Ke1 f2+ 33. Qxf2 Qxf2+ 34. Kxf2 0-1

[Event "Mittelrhein Verbandsliga-W 1112"]
[Site "Germany"]
[Date "2011.12.11"]
[Round "4.2"]
[White "Schreyer, Oliver"]
[Black "Liethen, Alexander"]
[Result "1/2-1/2"]
[WhiteElo "2071"]
[BlackElo "2008"]
[PlyCount "27"]
[EventDate "2011.09.18"]
[EventType "team-tourn"]
[EventRounds "11"]
[EventCountry "GER"]
[SourceTitle "EXT 2013"]
[Source "ChessBase"]
[SourceDate "2012.11.22"]
[SourceVersion "1"]
[SourceVersionDate "2012.11.22"]
[SourceQuality "1"]
[WhiteTeam "Herzogenrath"]
[BlackTeam "Brauweiler Rochade"]
[WhiteTeamCountry "GER"]
[BlackTeamCountry "GER"]

1. Nf3 d5 2. d4 Nf6 3. e3 Bg4 4. h3 Bxf3 5. Qxf3 e6 6. c4 c6 7. Nc3 Nbd7 8. cxd5 exd5 9. Bd3 Bb4 10. 0-0 0-0 11. Ne2 Bd6 12. Nc3 Bb4 13. Ne2 Bd6 14. Nc3 1/2-1/2

[Event "Mittelrhein Verbandsliga-W 1112"]
[Site "Germany"]
[Date "2011.10.09"]
[Round "2.2"]
[White "Lukac, Sasa"]
[Black "Liethen, Alexander"]
[Result "1/2-1/2"]
[WhiteElo "1787"]
[BlackElo "2008"]
[PlyCount "56"]
[EventDate "2011.09.18"]
[EventType "team-tourn"]
[EventRounds "11"]
[EventCountry "GER"]
[SourceTitle "EXT 2013"]
[Source "ChessBase"]
[SourceDate "2012.11.22"]
[SourceVersion "1"]
[SourceVersionDate "2012.11.22"]
[SourceQuality "1"]
[WhiteTeam "Brand SF"]
[BlackTeam "Brauweiler Rochade"]
[WhiteTeamCountry "GER"]
[BlackTeamCountry "GER"]

1. d4 d5 2. c4 e6 3. Nf3 c5 4. e3 Nc6 5. cxd5 exd5 6. Nc3 Nf6 7. Be2 c4 8. a3 Bd6 9. Qc2 0-0 10. 0-0 Bg4 11. Re1 a6 12. h3 Bh5 13. Nh4 Bxe2 14. Rxe2 g6 15. Nf3 Bc7 16. e4 dxe4 17. Nxe4 Nxd4 18. Nxd4 Qxd4 19. Nxf6+ Qxf6 20. Qxc4 Qd6 21. g3 Qd1+ 22. Kg2 b5 23. Qe4 Qd7 24. Rd2 Qc8 25. Rc2 Qd8 26. Bh6 Re8 27. Qf3 Be5 28. Rd1 Qf6 1/2-1/2

[Event "Moehnesee Cup 36th"]
[Site "Moehnesee"]
[Date "2010.08.28"]
[Round "5"]
[White "Kemper, Meinolf"]
[Black "Liethen, Alexander"]
[Result "1-0"]
[WhiteElo "2119"]
[BlackElo "1981"]
[PlyCount "49"]
[EventDate "2010.08.26"]
[EventType "swiss"]
[EventRounds "7"]
[EventCountry "GER"]
[SourceTitle "EXT 2011"]
[Source "ChessBase"]
[SourceDate "2010.11.26"]
[SourceVersion "1"]
[SourceVersionDate "2010.11.26"]
[SourceQuality "1"]

1. c4 e5 2. g3 Nf6 3. Bg2 c6 4. Nf3 e4 5. Nd4 Qb6 6. e3 d5 7. Nc3 c5 8. Nde2 Bf5 9. Nxd5 Nxd5 10. cxd5 Nd7 11. 0-0 0-0-0 12. Qc2 Re8 13. Nc3 Qg6 14. b4 b6 15. a4 h5 16. a5 h4 17. axb6 Qxb6 18. bxc5 Bxc5 19. Ba3 Bxa3 20. Rxa3 Kd8 21. d6 hxg3 22. fxg3 Bh3 23. Bxh3 Rxh3 24. Nxe4 Qb7 25. Rb1 1-0

[Event "Moehnesee Cup 36th"]
[Site "Moehnesee"]
[Date "2010.08.28"]
[Round "4"]
[White "Liethen, Alexander"]
[Black "Migdal, Benedikt"]
[Result "1/2-1/2"]
[WhiteElo "1981"]
[BlackElo "2159"]
[PlyCount "116"]
[EventDate "2010.08.26"]
[EventType "swiss"]
[EventRounds "7"]
[EventCountry "GER"]
[SourceTitle "EXT 2011"]
[Source "ChessBase"]
[SourceDate "2010.11.26"]
[SourceVersion "1"]
[SourceVersionDate "2010.11.26"]
[SourceQuality "1"]

1. e4 e6 2. d4 d5 3. Nc3 Nf6 4. Bg5 Bb4 5. e5 h6 6. Bd2 Bxc3 7. bxc3 Ne4 8. Qg4 g6 9. Nh3 c5 10. Bd3 Nxd2 11. Kxd2 c4 12. Bf1 Nc6 13. Nf4 Qe7 14. h4 Bd7 15. g3 b5 16. a3 a5 17. Bg2 Rb8 18. Qe2 Kf8 19. Bxd5 exd5 20. Nxd5 Qd8 21. Nf6 Be6 22. Ke3 Ne7 23. Kd2 Nd5 24. Ne4 Nxc3 25. Kxc3 b4+ 26. axb4 axb4+ 27. Kb2 Qxd4+ 28. Kb1 Kg7 29. Rd1 Qxe5 30. f4 Qc7 31. Nd6 Rhd8 32. Ra6 Ra8 33. Qe5+ Kh7 34. Rxa8 Rxa8 35. h5 Qa7 36. hxg6+ fxg6 37. Nb5 Qa2+ 38. Kc1 Qa1+ 39. Kd2 Qxe5 40. fxe5 Rd8+ 41. Nd6 b3 42. Kc3 Rb8 43. Rc1 bxc2 44. Kxc2 Rb3 45. Ra1 Rxg3 46. Ra7+ Kg8 47. Ra8+ Kg7 48. Ra7+ Kf8 49. Ra8+ Ke7 50. Ra7+ Kd8 51. Ra8+ Kc7 52. Ra7+ Kc6 53. Ra6+ Kd5 54. Ra5+ Kd4 55. Nb5+ Kxe5 56. Nc3+ Kf6 57. Ne4+ Ke7 58. Nxg3 h5 1/2-1/2

[Event "Moehnesee Cup 36th"]
[Site "Moehnesee"]
[Date "2010.08.27"]
[Round "2"]
[White "Liethen, Alexander"]
[Black "Gruenhagen, Marc"]
[Result "1-0"]
[WhiteElo "1981"]
[BlackElo "2133"]
[PlyCount "59"]
[EventDate "2010.08.26"]
[EventType "swiss"]
[EventRounds "7"]
[EventCountry "GER"]
[SourceTitle "EXT 2011"]
[Source "ChessBase"]
[SourceDate "2010.11.26"]
[SourceVersion "1"]
[SourceVersionDate "2010.11.26"]
[SourceQuality "1"]

1. e4 c5 2. Nf3 e6 3. d4 cxd4 4. Nxd4 a6 5. Nc3 b5 6. Bd3 Qb6 7. Nb3 Qc7 8. 0-0 Bb7 9. f4 b4 10. Ne2 Nf6 11. Ng3 d6 12. Qe2 Nc6 13. Be3 h5 14. c3 bxc3 15. Rac1 cxb2 16. Qxb2 Qd7 17. Rfd1 h4 18. Nf1 Be7 19. e5 Nd5 20. exd6 Bf6 21. Qa3 0-0 22. Be4 Rfc8 23. Bf2 Rab8 24. Ne3 Nxf4 25. Nc5 Qd8 26. d7 Rc7 27. Nxb7 Rbxb7 28. Rxc6 Rxd7 29. Rcd6 Bb2 30. Rxd7 1-0